Statistiques concernant Anagrammes de provinces et territoires canadiens en énigmes

Cliquez ici pour prendre le quiz!

Statistiques générales

  • Ce quiz a été pris 296 fois
  • Le résultat moyen est 16 sur 30

Statistiques - réponses

IndiceRéponse% Correct
Bouche caractéristique des oiseauxBEC
93%
Serpent pouvant être constricteurBOA
88%
Croft archéologue, Fabian chanteuseLARA
88%
Pronom relatif ou interrogatifQUE
86%
Pas moiTOI
86%
Panoramix en est unDRUIDE
85%
BEC + QUEQUEBEC
82%
Je espagnolYO
74%
Pari anglaisBET
72%
Deuxième ville algérienneORAN
68%
Peut habiter Maribor, Ljubljana ou PtujSLOVENE
66%
TOI + ORANONTARIO
65%
LARA + BETALBERTA
52%
BOA + MATINMANITOBA
52%
Pièce d'artillerie, verre de vin, modèle de beauté,...CANON
49%
KUN + YOYUKON
48%
DEBLATERER + RENOVATEURTERRE-NEUVE-ET-LABRADOR
46%
CANON + BIBLIOMETRIQUECOLOMBIE-BRITANNIQUE
44%
Célèbre skateboarder californienHAWK
44%
Jeune garçon chez les JaponaisKUN
44%
HAWK + CASSANTESASKATCHEWAN
42%
Il ne sert à rien chez GoldmanMATIN
41%
SLOVENE + COULEESNOUVELLE-ECOSSE
40%
DRUIDE + PEDONCULAIREILE-DU-PRINCE-EDOUARD
33%
Peuvent être de boue ou de laveCOULEES
31%
Relatif à un pédonculePEDONCULAIRE
13%
Qui renouvelle, rénoveRENOVATEUR
12%
Parler fort, longtemps et avec véhémenceDEBLATERER
6%
Relatif à l'étude quantitative des ouvrages publiésBIBLIOMETRIQUE
4%
Fragile ou brusque, sècheCASSANTE
4%

Distribution des résultats

Percentile par nombre de réponses

% des personnes avec chaque résultat

Votre développement - résultats

Vous n’avez pas pris ce quiz